Apocalípticos e integrados.
محفوظ في:
| المؤلف الرئيسي: | |
|---|---|
| مؤلفون آخرون: | |
| التنسيق: | كتاب |
| اللغة: | الإسبانية |
| منشور في: |
Barcelona, España:
Debolsillo,
2010.
|
| الطبعة: | Segunda edición con esta portada. |
| سلاسل: | Filosofía,
|
| الموضوعات: | |
| الوسوم: |
إضافة وسم
لا توجد وسوم, كن أول من يضع وسما على هذه التسجيلة!
|
MARC
| LEADER | 00000nam a2200000 a 4500 | ||
|---|---|---|---|
| 001 | UCY3525 | ||
| 003 | CL-VaPUC | ||
| 005 | 20250321101939.0 | ||
| 008 | 950103t20100000SP |||||||||||||||||spa|d | ||
| 999 | |c 446959 |d 446957 | ||
| 020 | |a 978-84-9793-386-5 | ||
| 040 | |c Pontificia Universidad Católica de Valparaíso | ||
| 082 | 0 | 4 | |a 306 ECO 2010 |2 21 |
| 100 | 0 | |a Eco, Umberto |e autor |9 331839 | |
| 245 | 1 | 0 | |a Apocalípticos e integrados. |
| 250 | |a Segunda edición con esta portada. | ||
| 260 | |a Barcelona, España: |b Debolsillo, |c 2010. | ||
| 300 | |a 430 páginas. | ||
| 490 | 0 | |a Filosofía, |n 106. | |
| 500 | |a c.1. Instituto Arcos.08-01-2025. | ||
| 583 | |a last modification |c 19950103 00:00:00 |k Gabriela Rodríguez Cuevas | ||
| 650 | 0 | |a Cultura de masas |9 334655 |x Aspectos sociales | |
| 650 | 0 | |a Medios de comunicación de masas |9 257273 | |
| 650 | 0 | |a Cómics |9 369534 |x Historia y crítica | |
| 700 | |9 896038 |a Boglar, Andrés |e traductor | ||
| 942 | |c BK |2 ddc |n 0 | ||
| 945 | |d 19950103 00:00:00 |a rbrito | ||
| 952 | |0 0 |1 0 |2 ddc |4 0 |6 306_000000000000000_ECO_2010 |7 0 |9 600240 |a BIBINC |b BIBINC |c GEN |d 2025-01-30 |e Instituto Arcos |i 5665134 |o 306 ECO 2010 |p 5665134 |r 2025-01-30 |t 1 |w 2025-01-30 |y BK |k IFP | ||